[Event "Championnat 13"]
[Site "Vitrolles"]
[Date "2012.12.01"]
[Round "4"]
[White "Faure, Alexandre"]
[Black "Estevez, Eric"]
[Result "1-0"]
[WhiteElo "1815"]
[BlackElo "1980"]
[Annotator "Chauvet V."]
[PlyCount "81"]
[EventDate "2012.??.??"]
[EventType "swiss"]
[EventRounds "6"]
[EventCountry "FRA"]
[SourceDate "2005.09.12"]

1. e4 e5 2. Nf3 Nc6 3. d4 exd4 4. Nxd4 {Le choix de l'ouverture est
l'écossaise.  Dans cette position, les deux coups principaux sont 4.Nf6 et 4.
Bc5.} Nf6 5. Nxc6 bxc6 6. Bd3 $5 {Un coup intéressant qui dévie de la variante
principale 6.e5.} (6. e5 {est la grande variante remise au goût du jour par le
match Karpov-Kasparov à Lyon en 1990. La précédente apparition de ce début
dans un championnat du monde remontait à 1892!}) 6... Bb4+ 7. c3 Be7 $6 {Un
coup passif, le fou noir disposait de meilleures cases en c5 ou en d6.} 8. O-O
d6 9. Nd2 O-O 10. Nb3 c5 11. Na5 Bd7 12. Ba6 {Les blancs souhaitent souligner
la faiblesse des cases blanches, cependant après 12.Rb8 les noirs obtiennent
des compensations dynamiques importantes.} c6 13. Qa4 Qc7 14. Bb7 Rab8 15. Bxc6
Be6 $1 {Diagramme [#] Les noirs ont raison de refuser l'échange des fous.
Malgré le pion de plus, il est difficile pour les blancs d'organiser
harmonieusement leurs pièces, les noirs doivent maintenir la pression sur les
pions b2 et e4.} 16. Re1 Bd8 $6 {Les noirs cèdent l'initiative en donnant aux
blancs l'occasion de se réorganiser.} (16... Rb6 {donne du contre-jeu pour les
noirs.} 17. Bb5 {Les blancs veulent résoudre le problème du placement de leur
fou, mais les noirs forcent la nulle par} Rxb5 $1 18. Qxb5 Bd7 19. Qa6 Bc8 20.
Qb5 Bd7 $11) 17. b4 c4 $2 {Une faute positionnelle. Les noirs n'ont aucune
raison de relâcher la pression sur b4.} (17... Ng4 $5 18. Bf4 cxb4 19. cxb4 Qb6
{permet aux noirs de trouver un contre-jeu actif.}) 18. Bf4 Nh5 19. Be3 Nf6 $6
{L'enchaînement de coups Nh5-Nf6 est illogique car les blancs ont deux temps
de plus depuis 17.c4.} 20. Rad1 Ng4 21. Bf4 Ne5 22. Bxe5 {Elimine la pièce la
plus importante des noirs.} dxe5 {La position blanche est stratégiquement
gagnante.} 23. Bd5 Bg4 24. f3 Bd7 25. Qc2 Bb5 26. a4 Ba6 27. Nc6 Rc8 28. Qf2
Bb7 29. Nxa7 Ra8 30. Nb5 Qb8 31. a5 Ra6 32. Qc5 Bh4 33. Bxb7 Qxb7 34. Re2 Rc8
35. Nd6 Rd8 36. Red2 Qb8 37. Qxc4 {Un sacrifice intéressant qui vise à jouer
une finale avec 3 pions contre un fou. Cependant il est plus simple pour les
blancs de concrétiser leur avantage par des coups "naturels" comme Nxc4, Qxe5
ou Nf5.} Bg5 $4 38. Qxa6 Bxd2 39. Rxd2 Qc7 40. Qb6 Qe7 {Diagramme [#]} 41. Nf5
{Les blancs terminent la partie en beauté par la double menace Rxd8+ et Nxe7+.}
1-0

[Event "Championnat 13"]
[Site "Vitrolles"]
[Date "2012.12.01"]
[Round "4"]
[White "Derien, Robert"]
[Black "Montanelli, Tristan"]
[Result "0-1"]
[WhiteElo "1713"]
[BlackElo "1678"]
[Annotator "Gozzoli,Y"]
[PlyCount "62"]
[EventDate "2012.??.??"]
[EventType "swiss"]
[EventRounds "6"]
[EventCountry "FRA"]
[SourceDate "2005.09.12"]

1. e4 c5 2. Nf3 Nc6 3. c3 {l'Alapine.} e6 $5 {dans l'esprit de la Française.} (
3... Nf6 {et}) (3... d5 {sont plus connus.}) 4. d4 Nf6 $2 {Une faute sérieuse}
(4... d5 $1) 5. e5 $1 (5. d5 {était fort aussi.}) 5... Nd5 6. Bd3 $6 {Les
Blancs ne punissent pas les imprécisions noires.} (6. c4 $1 {suivi de d5,
quelque soit le choix du Nd5.} Nb6 7. d5 $16 {était écrasant}) 6... cxd4 7.
cxd4 Be7 $6 {inhabituel} (7... d6 {mène à un "tabiya" de l'Alapine.}) 8. O-O
O-O 9. Nc3 d6 10. Be4 $6 (10. Qe2 {la manoeuvre thématique dans l'Alapine est
Qe2-e4-g4.}) 10... Nxc3 11. Bxh7+ $4 {Un aveuglement de la part des Blancs.} (
11. bxc3 dxe5 12. dxe5 Qa5 13. Qe2 Rd8 $13) 11... Kxh7 $19 12. Qd3+ Kg8 13.
Qxc3 dxe5 14. dxe5 f6 15. exf6 Bxf6 16. Qc2 Nd4 17. Nxd4 Bxd4 18. Bd2 Qf6 19.
Be3 e5 20. Bxd4 exd4 21. Rad1 Be6 22. b3 Rac8 23. Qe4 d3 24. Rd2 Qf5 25. Qxb7
Bd5 26. Qxa7 Qg5 27. f4 Rxf4 28. Rdf2 Rxf2 29. Qxf2 d2 30. g3 Rc1 31. Qd4 Qf5
0-1

[Event "Championnat 13"]
[Site "Vitrolles"]
[Date "2012.12.01"]
[Round "4"]
[White "Urcun, Gael"]
[Black "Valette, Patrick"]
[Result "0-1"]
[WhiteElo "1689"]
[BlackElo "1800"]
[Annotator "Gozzoli,Y"]
[PlyCount "72"]
[EventDate "2012.??.??"]
[EventType "swiss"]
[EventRounds "6"]
[EventCountry "FRA"]
[SourceDate "2005.09.12"]

1. e4 e6 2. d3 {Un système intéressant, sortant l'adversaire des sentiers
battus et souvent utilisé par Fischer, la plus célèbre partie étant celle
contre Myagmarsuren à l'Interzonal de Sousse en 1967.} d5 3. Nd2 c5 (3... Nc6
$5 {était la préférence du célèbre Viktor Korchnoi. L'idée est de prendre en
e4 et pousser e6-e5 dès que les Blancs jouent g2-g3} 4. Ngf3 Nf6 5. g3 (5. c3
a5) 5... dxe4 6. dxe4 Bc5 7. Bg2 e5 $11 {Les Noirs peuvent continuer par 0-0,
a7-a5, b7-b6, Qd8-e7, Bc8-a6...}) 4. Ngf3 Nc6 5. g3 {Les Noirs disposent ici
de nombreuses manières de se développer.} Be7 (5... Nf6 6. Bg2 Be7 7. O-O O-O
8. e5 Nd7 9. Re1 {est la "grande" position de la ligne.}) (5... g6 6. Bg2 Bg7
7. O-O Nge7) (5... Bd6 6. Bg2 Nge7) 6. Bg2 dxe4 $6 {je ne suis pas sûr que
relâcher la tension au centre soit la meilleure chose à faire pour les Noirs.}
(6... Nf6 {retombe dans la ligne normale.}) 7. dxe4 (7. Nxe4 $5 {pour garder
la grande diagonale ouverte était une option intéressante.} Nf6 8. Nxf6+ Bxf6
9. O-O O-O 10. Re1 {la position blanche est préférable, les Noirs ayant des
problèmes pour mobiliser leurs pièces et "contrôler" la pression sur la grande
diagonale h1-a8. Les Blancs peuvent continuer par Nd2-e4/c4 puis c2-c3, a2-a4..
..}) 7... e5 $6 {Une faute stratégique. Les Noirs enferment leur B de cases
noires et donnent la case d5 aux Blancs. (pour jouer avec ..e5 voir le 3ème
coup noir.)} 8. O-O Nf6 {Les Blancs ont obtenu une variante d'échange de
l'Est-Indienne avec un temps net de plus !} 9. c3 {affaiblir la case d3 n'est
pas nécessaire.} (9. Nc4 $5) 9... O-O 10. Qe2 a6 $6 {affaibli encore des cases
!} (10... Qc7 11. Nc4 Be6 $11) 11. Nc4 Qc7 12. Ne3 $6 {imprécis.} (12. Bg5 $1 {
Pour échanger un défenseur de la case d5 était meilleur.}) 12... Rd8 13. Nh4
Be6 14. Nhf5 Bf8 $11 {Diagramme [#] après une ouverture douteuse, les Noirs
ont réussi à compléter leur développement et à obtenir une position très saine.
Ils sont prêts à lancer une offensive à l'aile-Q par b5-c4, Nd7-c5-d3 etc...}
15. f4 (15. g4 $5) 15... b5 16. fxe5 $6 {donne une superbe case aux pièces
noires.} (16. a4 {pour perturber l'organisation noire s'imposait.} c4 17. axb5
axb5 18. Rxa8 Rxa8 19. Nd5 Qd8 $13) 16... Nxe5 17. b3 $6 {affaibli encore la
structure à l'aile-Q.} (17. Nh6+ $1 {semble être la seule chance et mène à une
position forcée après une série de coups très précis.} Kh8 18. Nd5 $1 Nxd5 19.
exd5 Bxd5 20. Bf4 $1 Bxg2 21. Bxe5 Bxf1 22. Rxf1 Qd7 23. Nxf7+ Kg8 24. Nxd8
Rxd8 $11 {/=+}) 17... Rab8 $2 {inutile.} ({Un jeu concret permettait aux Noirs
de s'emparer d'un gros avantage.} 17... g6 $1 18. Nh6+ Bxh6 19. Rxf6 Qa5 20.
Qc2 (20. Bb2 $2 Bxe3+ 21. Qxe3 Ng4 22. Qg5 Nxf6 23. Qxf6 c4 $1 $19) 20... Bg7
21. Rf1 Nd3 $17) 18. g4 $2 {optimiste, mais les Blancs ne sont pas prêt pour
une attaque directe contre le K noir.} (18. Nh6+ Kh8 19. Nd5 {était encore une
fois la meilleure chance.}) 18... g6 $1 {Je ne sais pas si les Noirs ont vu la
ligne jusqu'au bout mais ce coup force une variante qui leur donne l'avantage.}
19. g5 Nh5 20. Nd5 Rxd5 $1 21. exd5 Bxf5 22. Rxf5 $1 gxf5 23. Qxh5 Ng4 $17 {La
position forcée. On voit bien ici les problèmes des Blancs, c'est à dire
l'absence de protection pour leur K.} 24. h3 $2 {Diagramme [#]} (24. Bf3 {
était le seul coup, bien que menant à un avantage noir.} c4 $1 25. Bxg4 fxg4
26. Qxg4 cxb3 27. Qf3 (27. axb3 Qxc3 $19) 27... Bc5+ 28. Kg2 Qa5 29. Bb2 bxa2
$17) 24... Qg3 $1 {Un coup très fort qui mène à une finale avantageuse.} (24...
Qh2+ {était peut être plus fort mais plus complexe !} 25. Kf1 Qg3 26. hxg4 Qd3+
27. Kg1 Qxc3 28. Bb2 (28. Rb1 Qc2 $1 29. Ra1 Qd1+ 30. Kf2 (30. Kh2 Bd6+ 31. Kh3
Qd3+ $19) 30... Qd4+ $19) 28... Qxb2 29. Rf1 Qd4+ 30. Kh1 Qxg4 31. Qxg4 fxg4
$19) 25. hxg4 Re8 $6 (25... Qe1+ $1 26. Bf1 (26. Kh2 $4 Bd6+ 27. Kh3 Qg3#)
26... Qxc3 27. Bb2 (27. Rb1 Qd4+ $1 28. Kg2 Qe4+ $19) (27. Qh2 Qd4+ 28. Be3
Qxe3+ 29. Qf2 Qxg5 $17) 27... Qxb2 28. Rd1 fxg4 $19) 26. Bd2 $6 (26. Ba3 $1 Re2
27. Qh3 Qf2+ 28. Kh1 Re3 29. Qh2 Re1+ 30. Rxe1 Qxe1+ 31. Qg1 Qh4+ 32. Qh2 Qe1+
33. Qg1 Qh4+ $11) 26... Re2 27. Qh3 Qxh3 28. Bxh3 fxg4 $2 {une faute
"naturelle" qui aurait pu gâcher une belle partie !} (28... Rxd2 $1 29. gxf5
Rxd5 30. Kf2 Rd3 $15) 29. Bf4 $1 gxh3 30. d6 $1 {Bonne réaction des Blancs qui
saisissent immédiatement leur chance pour générer du contre-jeu} Re4 $2 {Les
Noirs ne sentent pas le vent tourner !} (30... Kg7 $1 {active le K} 31. Rd1 Kg6
32. Rd5 (32. d7 Be7 33. d8=Q Bxd8 34. Rxd8 Rxa2 $13) 32... Rxa2 33. d7 Be7 34.
Bc7 Rg2+ 35. Kh1 Rxg5 36. d8=Q Bxd8 37. Rxd8 $13) 31. Bg3 $4 {dommage !} (31.
d7 $1 Be7 32. Bc7 $1 Re2 33. d8=Q+ Bxd8 34. Bxd8 $16) 31... Re3 $1 {maintenant
les Noirs vont disposer de la case d3 pour contrôler le pion d6.} 32. Kf2 $6 (
32. Kh2 Rd3 33. Rc1 c4 34. bxc4 bxc4 $15) 32... Rd3 33. Ke2 $4 (33. Rh1 Bxd6
34. Bxd6 Rxd6 35. Rxh3 Rd2+ 36. Ke3 Rxa2 37. Rh6 $17 {était la seule chance
des Blancs, bien que la finale soit loin d'être agréable pour eux.}) 33... Rxg3
$19 34. Rd1 h2 35. d7 Be7 36. Kf2 Rg1 0-1

[Event "Championnat 13"]
[Site "Vitrolles"]
[Date "2012.12.01"]
[Round "4"]
[White "Estevez, Ange"]
[Black "Tchifteyan, Philippe"]
[Result "0-1"]
[WhiteElo "1628"]
[BlackElo "1645"]
[Annotator "Gozzoli,Y"]
[PlyCount "96"]
[EventDate "2012.??.??"]
[EventType "swiss"]
[EventRounds "6"]
[EventCountry "FRA"]
[SourceDate "2005.09.12"]

1. e4 c5 2. Nf3 Nc6 3. d4 cxd4 4. Nxd4 Nf6 5. Nc3 d6 {La Sicilienne Classique}
6. Be2 {Un système "passe-partout" qui donne de nombreuses options aux Noirs.}
(6. Bg5 {amenant la célèbre Richter-Rauzer, est le coup critique.}) 6... g6 {
Les Noirs profitent du fait que les Blancs ne puissent plus jouer l'Attaque
Yougoslave pour retomber dans un schéma de Dragon.} (6... e5 {et}) (6... e6 {
sont plus courrants.}) 7. Be3 (7. O-O Nxd4 8. Qxd4 Bg7 9. Bg5 O-O 10. Qe3 {est
la continuation classique menant à une partie équilibrée.}) 7... Bg7 8. Qd2 {
Les Blancs continuent comme un Dragon sans la structure f3-e4.} h5 $6 {Un gros
affaiblissement, qui compromet définitivement le petit roque noir.} (8... Ng4
$1 9. Bxg4 Bxg4 10. h3 Bd7 $13 (10... Be6 $5)) 9. h3 $1 {pare la menace Ng4 et
prépare une éventuelle poussée g2-g4} Bd7 10. f4 Bh6 $2 {Les Noirs sont très
passifs et vont subir l'attaque blanche au centre et à l'aile-K} ({Il fallait
échanger des pièces pour faire respirer les pièces par} 10... Nxd4 $1 11. Bxd4
Bc6 {bien qu'après} 12. Bf3 {Les Blancs maintiennent un bon avantage grâce à
leur contrôle du centre.}) 11. Nf3 $6 {Il n'y a aucune raison pour justifier
cette retraite.} (11. O-O-O $16 {préparant l'ouverture du centre et de
l'aile-K était dangereux pour les Noirs.}) 11... Qa5 12. Bd3 $6 {Les Blancs
n'ont pas "puni" la passivité noire dans l'ouverture et leur laissent
maintenant une chance de soulager leur position.} (12. O-O $14) 12... a6 $6 {
créer encore des affaiblissements.} (12... Nb4 $1 13. O-O Nxd3 14. cxd3 Rc8 $14
) 13. a3 $1 b5 14. O-O Qc7 15. Nd5 {enfin ! Les Blancs passent à l'action.} (
15. e5 $1 {était plus violent et concret.} dxe5 16. fxe5 Bxe3+ 17. Qxe3 Nh7 18.
a4 $1 b4 19. Nd5 Qa7 20. Rae1 $16) 15... Nxd5 $6 (15... Qb7 {était moche mais
s'imposait, l'ouverture de la colonne 'e' étant décisive.}) 16. exd5 Na5 17.
Bd4 Rg8 18. b3 $1 {laisse le Na5 hors-jeu.} Nb7 (18... Bg7) 19. b4 $1 {
toujours contre le N} Nd8 20. Rfe1 {que faire de la Ra1 ?} (20. Rae1 $142 {est
plus logique.}) 20... Kf8 21. Ng5 {Diagramme [#] la position noire manque
cruellement d'harmonie alors que les pièces blanches sont toutes dirigées vers
le K noir.} f6 $4 {la faute décisive.} (21... Bxg5 22. fxg5 e5 23. dxe6 Nxe6
24. Bb2 $18 {n'était pas attrayant mais nécessaire.}) 22. Qe3 ({Les Blancs
pouvaient mettre fin à la partie en faisant sauter les défenses noires par} 22.
Rxe7 $3 Kxe7 23. Qe2+ Kf8 24. Re1 $1 Rg7 (24... Be6 25. Qxe6 $1 Nxe6 26. Nxe6+
Kf7 27. Nxc7 Rac8 28. Ne6 $18) 25. Bxg6 $1 Ne6 (25... fxg5 26. Qe8+ $1 Bxe8 27.
Rxe8#) 26. dxe6 Be8 27. Bxe8 Rxe8 28. Qxh5 $18) 22... Bc8 (22... Rg7 {était
plus tenace.}) 23. Nh7+ (23. Bxf6 $1 $18 {gagnait sur le champ !}) 23... Kf7
24. Re2 Rb8 $6 (24... e5 25. dxe6+ Nxe6 26. Rae1 $18) 25. Rae1 Rb7 26. g4 $6 {
les Blancs commencent à perdre le contrôle.} (26. Bb6 $1 {était gagnant. Dans
ces positions où toutes les pièces noires sont contraintes de défendre, il y a
toujours un thème tactique de "déviation". Bien évidemment, ces variantes ne
sont pas simples à calculer surtout avec la pression du temps !} Qd7 27. Qg3
Rxb6 (27... Bf8 28. Bxg6+ $1 Rxg6 29. Qxg6+ Kxg6 30. Nxf8+ Kf7 31. Nxd7 Rxd7
32. Bxd8 Rxd8 33. Rxe7+ $18) 28. Rxe7+ Qxe7 29. Rxe7+ Kxe7 30. Qe3+ Kf7 31.
Qxb6 $18) 26... hxg4 27. hxg4 $2 (27. Qg3 $1 f5 (27... gxh3 28. Qh4 Bf8 (28...
Bg7 29. Kh2 Rh8 30. Bxg6+ $1 Kg8 (30... Kxg6 31. Rg1+ Kf7 32. Qh5+ Kg8 33.
Nxf6+ exf6 34. Re8#) 31. Rg1 $18) 29. Nxf6 $1 $18) 28. hxg4 fxg4 29. Qh2 Bf8
30. Ng5+ Ke8 31. Qh7 $18) 27... Bxg4 28. Rg2 $2 (28. Rh2 Bg7 29. c3 $16) 28...
Qd7 $6 (28... Qc8 $14) 29. Qf2 $2 (29. Qg3 $1 Bf5 30. Rxe7+ Kxe7 (30... Qxe7
31. Bxf5 $18) 31. Nxf6 $18) 29... Bf5 $1 30. Bxf5 $4 {Maintenant la partie va
basculer et les Noirs ne vont pas laisser passer leur chance.} (30. Qh4 Bg7 31.
Rxe7+ $1 Kxe7 (31... Qxe7 32. Bxf5 $1 $18) 32. Nxf6 Rh8 33. Nh7+ Ke8 (33... Kf7
34. Bxg7 Kxg7 35. Qf6+ Kg8 36. Bxf5 Qxh7 37. Rxg6+ Rg7 38. Qxd8+ Kf7 39. Be6+
Kxg6 40. Qg5#) 34. Re2+ Kf7 35. Bxg7 Kxg7 36. Qf6+ Kg8 37. Bxf5 Qf7 $1 $13)
30... Qxf5 $17 31. c3 $4 (31. Qh4 Bxf4 32. Rf1 g5 33. Qh5+ Qg6 34. Qh1 Qe4 35.
Qh5+ Rg6 36. Nxg5+ Bxg5 37. Rxg5 Kg7 38. Qxg6+ Qxg6 39. Rxg6+ Kxg6 40. c3 $17)
31... Qxd5 $6 (31... Bxf4 $1 $19) 32. Ng5+ $4 (32. f5 $1 Qxf5 33. Nxf6 $1 exf6
(33... Qxf2+ 34. Rxf2 exf6 35. Bxf6 Rf8 36. Bg5+ Kg8 37. Bxh6 Rxf2 38. Kxf2 $44
) 34. Qxf5 gxf5 35. Rxg8 Kxg8 36. Re8+ Kf7 37. Rxd8 Bf4 $15) 32... Bxg5 $19 33.
fxg5 f5 34. Qh4 e5 35. Qh7+ Rg7 36. Qh8 Ne6 37. Be3 Rd7 38. Rh2 Rd8 39. Qh3 f4
40. Rf2 Kg8 (40... Nxg5 $19) 41. Rd2 Qc4 42. Bb6 Rdd7 43. Qg4 Nf8 (43... Rh7)
44. Qg2 Rh7 45. Qa8 Qxc3 46. Qd5+ Kh8 47. Bd4 Qg3+ 48. Rg2 Qxe1# 0-1

[Event "Championnat 13"]
[Site "Vitrolles"]
[Date "2012.12.01"]
[Round "4"]
[White "Arthaud, Geoffrey"]
[Black "Joubert, Leo"]
[Result "0-1"]
[WhiteElo "1630"]
[BlackElo "1734"]
[Annotator "Gozzoli,Y"]
[PlyCount "68"]
[EventDate "2012.??.??"]
[EventType "swiss"]
[EventRounds "6"]
[EventCountry "FRA"]
[SourceDate "2005.09.12"]

1. d4 Nf6 2. c4 e6 3. Nc3 Bb4 4. Qc2 {La Variante Capablanca.} Nc6 $5 {Un coup
rare ayant pour inconvénient de bloquer le pion c7. Les Noirs veulent jouer
rapidement d6-e5.} (4... O-O) (4... c5) (4... d5) 5. Nf3 h6 $6 {Une perte de
temps importante.} (5... d6 $1 {était nécessaire et si maintenant} 6. e4 $6 {
alors} O-O (6... e5 $6 7. d5 Nd4 $4 8. Nxd4 exd4 9. Qa4+ Bd7 10. Qxb4 dxc3 11.
Qxc3 $16) 7. Be2 $6 e5 $1 8. d5 Nd4 $15) 6. Bd2 $6 {Pourquoi jouer Qc2 si
c'est pour jouer Bd2 derrière ? L'idée de la Nimzo côté noir est de contrôler
la case e4 à distance, mais ici les Blancs peuvent le jouer !} (6. e4 $1 {et
les Noirs ne sont pas dans le timing pour jouer e5 comme au coup précédent})
6... d6 7. a3 (7. e4 $5 O-O $140 8. a3 $1 Bxc3 9. Bxc3 $16) 7... Bxc3 8. Bxc3
O-O 9. e3 $14 {Les Blancs ont obtenu un avantage stable grâce à la paire de B
et leur contrôle du centre.} Qe7 10. Bd3 $6 {Pour quoi faire ? Il n'y a aucune
cible sur cette diagonale et les Blancs s'exposent à la poussée e6-e5-e4.} (10.
Be2 $1 e5 11. d5 $1 Nb8 12. Nd2 $14) 10... e5 11. dxe5 (11. d5 Nb8 12. Nd2 {
était meilleur, bien qu'après} a5 $1 13. b3 (13. O-O a4 $1) 13... Nbd7 14. O-O
Nc5 {Les Blancs doivent perdre un temps avec leur Bd3 !}) 11... dxe5 12. Be4 $6
{Le B en bloqueur ?} (12. Nd2 $11) 12... Nxe4 (12... Nd4 $5 {était une
possibilité tactique intéressante.} 13. exd4 exd4 14. Bb4 (14. Bxd4 Qxe4+ 15.
Qxe4 Nxe4 $11) 14... c5 15. Bxc5 Qxc5 16. O-O Re8 17. Bd3 Bg4 $13) 13. Qxe4 Re8
$11 {Diagramme [#] Les Noirs n'ont aucun problème alors que les Blancs vont
devoir se soucier de leurs cases blanches faibles et particulièrement de la
case d3.} 14. O-O Qf6 $1 15. Nd2 Bf5 16. Qf3 Qg6 {Les Noirs se sont emparés de
l'initiative. Ils vont gagner le contrôle de la colonne 'd' grâce à leur B.} (
16... Qe6 $142 $15) 17. Rad1 $4 {Une grosse gaffe qui met fin à la partie.} (
17. b4 $15) 17... Bg4 $19 {le reste ne nécessite pas de commentaires.} 18. Qg3
Bxd1 19. Qxg6 fxg6 20. Rxd1 Rad8 21. Kf1 e4 22. b4 Rd3 23. Rc1 Ne5 24. Ke2 Rd7
25. Bd4 Nc6 26. Bc3 Nb8 27. Bd4 b6 28. Nb3 Nc6 29. Bb2 Red8 30. Rc3 a5 31. bxa5
Nxa5 32. Bc1 Nxb3 (32... Rd3 $1) 33. Rxb3 Rd3 34. Rb4 Rc3 0-1

[Event "Championnat 13"]
[Site "Vitrolles"]
[Date "2012.12.01"]
[Round "4"]
[White "Madranges, Jean"]
[Black "Scamaroni, Jean-Paul"]
[Result "1-0"]
[WhiteElo "1831"]
[BlackElo "1678"]
[Annotator "Gozzoli,Y"]
[PlyCount "101"]
[EventDate "2012.??.??"]
[EventType "swiss"]
[EventRounds "6"]
[EventCountry "FRA"]
[SourceDate "2005.09.12"]

1. e4 g6 2. Nc3 Bg7 3. Bc4 {J'insiste sur l'importance à mes yeux de prendre
d'abord le centre par d4 avant de décider du développement du B.} c6 $6 (3...
c5 {retombait dans une Grand Prix.}) 4. Qf3 $6 {justifie le 3ème coup noir.} e6
5. Nge2 Ne7 $6 ({Pour justifier c6-e6 il faut jouer} 5... d5 $1 {et on se
demande bien ce que font la Q en f3 et le Bc4.}) 6. d4 d5 7. Bb3 O-O 8. Bg5 (8.
h4 $5) 8... Qd7 $4 {Très très passif ! D'ailleurs la passivité va être le
leitmotiv des Noirs dans cette partie.} (8... Nd7 $11) 9. Bf6 (9. h4 $1 {
méritait l'attention.}) 9... b5 $2 10. e5 (10. a3 $5) 10... a5 11. Bxg7 $6 {
"améliore" la position du K noir} (11. a3 {suivi de h4-h5 était plus efficace.}
) 11... Kxg7 12. Qf6+ Kg8 13. a3 a4 14. Ba2 Na6 $2 (14... c5 $1 {l'activité
permettait aux Noirs d'utiliser la passivité temporaire des pièces blanches.}
15. dxc5 Qa7 16. h4 Qxc5 17. h5 Nf5 $13) 15. h4 Qd8 16. g4 (16. h5 $5) 16...
Bd7 17. h5 Nc8 {Les Noirs ont construit une muraille sur cases blanches, mais
n'ont aucun contre-jeu à opposer à l'attaque blanche.} 18. g5 (18. Qxd8 Rxd8
19. Rh3 {suivi de Kd2-Rah1 était fort.}) 18... Qxf6 19. gxf6 $16 {Diagramme [#]
} c5 20. hxg6 fxg6 21. dxc5 (21. Nxd5 $1 $18 {gagnait sur le champ.}) 21...
Nxc5 22. O-O-O Rb8 {Les Noirs sont spectateurs de l'attaque blanche.} 23. Rh6 (
23. f4 $1 b4 (23... Nb6 24. f5 $1) 24. axb4 Rxb4 25. Nd4 $18 {suivi de f5
gagne.}) (23. Nxd5 $5 exd5 24. Rxd5 Be6 25. Rd7 $1) 23... Nb6 $6 (23... b4 24.
axb4 Rxb4 {s'imposait.}) 24. Rdh1 Rf7 25. Nf4 $18 Rb7 26. Nxg6 $1 Bc6 27. Ne7+
$6 (27. Ne2 $1 Nc4 28. Nd4 Be8 29. Bxc4 dxc4 30. Nf4 Bd7 31. Rg1+ Kf8 32. Ng6+
Ke8 33. Nh8 Rf8 34. Rxh7 $18) 27... Rbxe7 28. fxe7 Rxe7 29. Rg1+ Rg7 30. Rxg7+
Kxg7 31. Rh4 Nc4 32. Bxc4 dxc4 33. Ne2 Bd7 34. Nd4 Na6 35. c3 $6 {il n'était
pas nécessaire d'affaiblir la case d3.} (35. Ne2 {/\ Nf4-h5-f6}) 35... Nc7 $2 (
35... Nc5) 36. Kd2 Nd5 37. Ne2 Ne7 38. Rg4+ Ng6 39. Nf4 Kf7 40. Nxg6 hxg6 41.
Ke3 Be8 42. Kd4 Ke7 43. Kc5 Kf8 44. Kd6 Bf7 45. Rf4 Kg7 46. Rf6 g5 47. Kc5 Be8
48. Rxe6 Kf7 49. Rxe8 Kxe8 50. Kxb5 Kd7 51. Kxc4 1-0